[Event "Rated Blitz game"]
[Site "?"]
[Date "2021.01.10"]
[Round "?"]
[White "lepenci2"]
[Black "om_gendut"]
[Result "0-1"]
[WhiteElo "2262"]
[BlackElo "2410"]
[PlyCount "92"]
[EventDate "2021.??.??"]
[EventType "blitz"]

1. e4 e5 2. Nf3 d5 3. exd5 e4 4. Ne5 Bd6 5. d4 exd3 6. Nxd3 Nf6 7. Be2 Nxd5 8.
O-O O-O 9. c4 Nb4 10. Nc3 Nxd3 11. Bxd3 Nc6 12. Nd5 Be6 13. b3 Qh4 14. g3 Qh3
15. Be4 Rad8 16. Bb2 Ne5 17. Bg2 Qf5 18. Ne3 Qg6 19. Qc2 Qxc2 20. Nxc2 c6 21.
Rad1 Bc7 22. Nd4 Bc8 23. f4 Ng4 24. Rfe1 Bb6 25. Kf1 Nxh2+ 26. Kf2 Ng4+ 27. Kf3
Nf6 28. f5 c5 29. Nb5 Bxf5 30. Bxf6 gxf6 31. Kf4 Be6 32. Bd5 a6 33. Nc3 Bc7+
34. Kf3 Be5 35. Ne4 b6 36. a4 a5 37. Rd2 Kg7 38. Red1 f5 39. Ng5 Bxd5+ 40. Rxd5
Bd4 41. Kf4 h6 42. Nf3 Bf6 43. Kxf5 Rxd5+ 44. Rxd5 Bc3 45. Ne5 Bxe5 46. Kxe5
Rb8 {Time forfeit} 0-1

[Event "Rated Blitz game"]
[Site "?"]
[Date "2021.01.10"]
[Round "?"]
[White "micfel"]
[Black "Jomajo"]
[Result "1-0"]
[WhiteElo "2408"]
[BlackElo "2558"]
[PlyCount "73"]
[EventDate "2021.??.??"]
[EventType "blitz"]

1. e4 e5 2. Nf3 d5 3. Nxe5 Bd6 4. d4 dxe4 5. Be2 Bxe5 6. dxe5 Qxd1+ 7. Bxd1 Nc6
8. Bf4 Nge7 9. Nc3 Ng6 10. Bg3 Bf5 11. O-O h5 12. h3 h4 13. Bh2 Ngxe5 14. Re1
O-O-O 15. Nxe4 Rhe8 16. Ng5 f6 17. Nf3 Nxf3+ 18. Bxf3 Bxc2 19. Rec1 Nd4 20.
Bg4+ f5 21. Bh5 Re6 22. Bf4 g6 23. Be3 Be4 24. Bd1 Bc6 25. Bg5 Re1+ 26. Kh2 Rd7
27. Bxh4 f4 28. Bg4 Rxc1 29. Bxd7+ Kxd7 30. Rxc1 Ke6 31. Re1+ Kf5 32. Bd8 Ne6
33. Be7 Nd4 34. f3 Bxf3 35. Bc5 Ne6 36. Rxe6 Kxe6 37. gxf3 {Normal} 1-0

[Event "Rated Blitz tournament Th9XSkDO"]
[Site "?"]
[Date "2021.01.10"]
[Round "?"]
[White "Satscho"]
[Black "DARIO31CSKA"]
[Result "1/2-1/2"]
[WhiteElo "2423"]
[BlackElo "2386"]
[PlyCount "143"]
[EventDate "2021.??.??"]
[EventType "blitz"]

1. e4 e5 2. Nf3 d5 3. exd5 e4 4. Qe2 Nf6 5. Nc3 Be7 6. Nxe4 O-O 7. d3 Qxd5 8.
g3 Bg4 9. Bg2 Nc6 10. c3 Rfe8 11. Nxf6+ Bxf6 12. Be3 Rad8 13. d4 b5 14. O-O Qh5
15. h3 Bxh3 16. Bxh3 Qxh3 17. Qxb5 Ne7 18. Rae1 c6 19. Qd3 Rd5 20. Bf4 Rh5 21.
Nh4 Bxh4 22. Qf3 Bf6 23. Qg2 Qxg2+ 24. Kxg2 Rd5 25. Re2 g5 26. Be3 Nf5 27. Rfe1
Nxe3+ 28. fxe3 g4 29. e4 Rdd8 30. e5 Bg5 31. Re4 h6 32. Rxg4 f5 33. Rxg5+ hxg5
34. Kf3 Kf7 35. Re2 Ke6 36. a3 Rh8 37. Ke3 Rh3 38. Kf3 g4+ 39. Kf4 Rh1 40. Rf2
c5 41. dxc5 Rd5 42. c6 Rxe5 43. c7 Rc5 44. Re2+ Kd7 45. c8=Q+ Rxc8 46. b4 Re8
47. Rd2+ Kc7 48. Kxf5 Rf1+ 49. Kxg4 Rfe1 50. Rd4 R1e4+ 51. Kf5 Rxd4 52. cxd4
Re3 53. g4 Rxa3 54. g5 Rb3 55. g6 Rxb4 56. Kf6 Rb8 57. g7 Kd6 58. Kf7 Kd5 59.
g8=Q Rxg8 60. Kxg8 Kxd4 61. Kg7 a5 62. Kg6 a4 63. Kg7 a3 64. Kg6 a2 65. Kf7
a1=Q 66. Kg6 Qb2 67. Kf7 Qc3 68. Kg6 Qc5 69. Kf7 Ke4 70. Kg6 Qd6+ 71. Kh7 Qe5
72. Kh6 {Time forfeit} 1/2-1/2

[Event "Rated Blitz game"]
[Site "?"]
[Date "2021.01.10"]
[Round "?"]
[White "Shamsutdin"]
[Black "pasha1984"]
[Result "0-1"]
[WhiteElo "2407"]
[BlackElo "2396"]
[PlyCount "112"]
[EventDate "2021.??.??"]
[EventType "blitz"]

1. e4 e5 2. Nf3 d5 3. Nxe5 dxe4 4. d4 Bd6 5. Nc4 Nc6 6. Nxd6+ Qxd6 7. Be2 Qg6
8. O-O Bh3 9. g3 Bxf1 10. Bxf1 O-O-O 11. Be3 Nf6 12. Be2 h5 13. c4 h4 14. g4
Nxg4 15. Bxg4+ f5 16. d5 Ne5 17. Nc3 Nf3+ 18. Kh1 Qxg4 19. Ne2 g5 20. Ng1 Nxg1
21. Qxg1 Qf3+ 22. Qg2 g4 23. Kg1 Rhg8 24. Kf1 h3 25. Qg3 Qh1+ 26. Qg1 Qf3 27.
Qg3 Qxg3 28. fxg3 b6 29. Ke2 c6 30. dxc6 Kc7 31. a4 Kxc6 32. a5 Rb8 33. axb6
axb6 34. Ra7 Rb7 35. Ra1 Rd8 36. b4 Rd3 37. Ra8 Rbd7 38. Rb8 Rb7 39. Rc8+ Kd7
40. Rf8 Ke6 41. Re8+ Kf7 42. Rc8 Rb3 43. b5 Rb2+ 44. Ke1 Ra7 45. Rd8 Ra1+ 46.
Rd1 Raa2 47. Bxb6 Rxh2 48. Bg1 Rhg2 49. Kf1 h2 50. Bxh2 Rxh2 51. Kg1 Rag2+ 52.
Kf1 Rh1+ 53. Kxg2 Rxd1 54. c5 Rd5 55. b6 Rxc5 56. b7 Rb5 {Time forfeit} 0-1

[Event "Rated Blitz game"]
[Site "?"]
[Date "2021.01.10"]
[Round "?"]
[White "solovaleaganar"]
[Black "walodelpalo"]
[Result "0-1"]
[WhiteElo "2434"]
[BlackElo "2258"]
[PlyCount "78"]
[EventDate "2021.??.??"]
[EventType "blitz"]

1. e4 e5 2. Nf3 d5 3. Nxe5 Bd6 4. d4 dxe4 5. Nc4 Nc6 6. Nc3 Nf6 7. Bg5 O-O 8.
Be2 Re8 9. Nd5 Bf8 10. Nxf6+ gxf6 11. Be3 f5 12. c3 Bg7 13. Qd2 b5 14. Na3 a6
15. Nc2 Ne7 16. Bg5 Qd6 17. Bf4 Qd7 18. Ne3 Ng6 19. g3 Nxf4 20. gxf4 Kh8 21.
O-O-O Qd6 22. Ng2 Be6 23. d5 Bd7 24. Rhg1 a5 25. Kb1 a4 26. a3 Rab8 27. Qe3 Qf6
28. Qh3 b4 29. axb4 a3 30. bxa3 Ba4 31. Rc1 Qb6 32. Qe3 Qh6 33. h4 Red8 34. Bc4
c5 35. dxc6 Qxc6 36. Ba2 Rd3 37. Qe2 Rxc3 38. Ne3 Qf6 39. Rxg7 Qxg7 {Time
forfeit} 0-1

[Event "Rated Blitz game"]
[Site "?"]
[Date "2021.01.10"]
[Round "?"]
[White "JoeAssaad"]
[Black "KamranShirazi"]
[Result "0-1"]
[WhiteElo "2439"]
[BlackElo "2473"]
[PlyCount "86"]
[EventDate "2021.??.??"]
[EventType "blitz"]

1. e4 e5 2. Nf3 d5 3. Nxe5 Bd6 4. d4 dxe4 5. Nc4 Nc6 6. Nc3 Nf6 7. Nxd6+ Qxd6
8. Nb5 Qe7 9. Bg5 O-O 10. Be2 a6 11. Nc3 Rd8 12. d5 Qe5 13. Bxf6 Qxf6 14. O-O
Bf5 15. Qc1 Nd4 16. Bc4 b5 17. Bb3 Qg6 18. Qe3 c5 19. dxc6 Nxc6 20. Rad1 Ne7
21. Kh1 h6 22. Qc5 Qf6 23. Rfe1 Rac8 24. Qe3 Rxd1 25. Rxd1 b4 26. Nxe4 Qxb2 27.
Nd6 Rc7 28. Nxf7 Bxc2 29. Bxc2 Qxc2 30. Nxh6+ gxh6 31. Re1 Nf5 32. Qf4 Re7 33.
Rf1 Kh7 34. h3 Ng7 35. Rc1 Qe4 36. Qg3 a5 37. Rc6 a4 38. Rb6 b3 39. axb3 a3 40.
Ra6 Qb1+ 41. Kh2 a2 42. Qh4 Re6 43. Rb6 Rxb6 {Normal} 0-1

[Event "Rated Blitz game"]
[Site "?"]
[Date "2021.01.10"]
[Round "?"]
[White "Fleetwood_Mac"]
[Black "KinzyabulatovRenat"]
[Result "1-0"]
[WhiteElo "2431"]
[BlackElo "2362"]
[PlyCount "121"]
[EventDate "2021.??.??"]
[EventType "blitz"]

1. e4 e5 2. Nf3 d5 3. exd5 e4 4. Nd4 Qxd5 5. Nb3 Nf6 6. Nc3 Qe5 7. Qe2 Nc6 8.
d4 exd3 9. Qxe5+ Nxe5 10. cxd3 Bf5 11. Bf4 Bd6 12. d4 Nc4 13. Bxd6 Nxd6 14. f3
O-O-O 15. O-O-O h5 16. Nc5 Rhe8 17. Be2 Re3 18. Rd2 Rde8 19. Bd1 b6 20. N5e4
Nfxe4 21. fxe4 Nxe4 22. Nxe4 Bxe4 23. Bxh5 g6 24. Bg4+ f5 25. Bd1 Bd5 26. Rg1
Bxa2 27. h4 Bd5 28. g4 f4 29. h5 Rg8 30. h6 g5 31. Rh2 Rh8 32. Bc2 Be4 33. Bxe4
Rxe4 34. Rh5 Rxd4 35. Rgh1 Rd5 36. h7 Kb7 37. Rh6 Rd7 38. R1h5 Rg7 39. Kd2 a5
40. Kd3 c6 41. Ke4 b5 42. Kf5 f3 43. Kf6 Rc7 44. Rxg5 f2 45. Rf5 Rf8+ 46. Kg5
Rxf5+ 47. gxf5 Rxh7 48. Rxh7+ Kb6 49. Rh1 a4 50. f6 b4 51. f7 a3 52. bxa3 b3
53. f8=Q c5 54. Qxf2 Kb5 55. Rc1 c4 56. Qd4 b2 57. Qxc4+ Ka5 58. Qb4+ Ka6 59.
Rc6+ Ka7 60. Rc5 b1=Q 61. Ra5# {Normal} 1-0

[Event "Rated Blitz game"]
[Site "?"]
[Date "2021.01.10"]
[Round "?"]
[White "hectordetroya"]
[Black "KinzyabulatovRenat"]
[Result "0-1"]
[WhiteElo "2416"]
[BlackElo "2370"]
[PlyCount "104"]
[EventDate "2021.??.??"]
[EventType "blitz"]

1. e4 e5 2. Nf3 d5 3. Nxe5 Bd6 4. d4 dxe4 5. Bc4 Bxe5 6. dxe5 Qxd1+ 7. Kxd1 Nc6
8. Re1 Bg4+ 9. Be2 O-O-O+ 10. Nd2 Bf5 11. b3 Nxe5 12. Bb2 f6 13. Bxe5 fxe5 14.
Kc1 Nf6 15. Nc4 Rhe8 16. Kb2 Bg6 17. Rad1 Nd5 18. Bg4+ Kb8 19. Ne3 Nxe3 20.
Rxd8+ Rxd8 21. Rxe3 Rd2 22. Re2 Rxe2 23. Bxe2 c5 24. g4 Kc7 25. Bc4 Kc6 26. h4
h6 27. a4 a6 28. c3 b5 29. axb5+ axb5 30. Be6 Kd6 31. Bg8 Be8 32. Kc2 Bd7 33.
Bh7 Bxg4 34. Bxe4 g5 35. hxg5 hxg5 36. b4 cxb4 37. cxb4 Be6 38. Kc3 Bd5 39. Bd3
Bc6 40. Be2 Kd5 41. Bf3+ e4 42. Bg4 Ke5 43. Kd2 Kf4 44. Bh5 Bd5 45. Be2 Bc4 46.
Bxc4 bxc4 47. b5 Ke5 48. Kc3 e3 49. fxe3 g4 50. b6 Kd6 51. e4 g3 52. e5+ Kc6 {
Time forfeit} 0-1

[Event "Rated Blitz game"]
[Site "?"]
[Date "2021.01.10"]
[Round "?"]
[White "Culapio"]
[Black "Jomajo"]
[Result "1-0"]
[WhiteElo "2401"]
[BlackElo "2578"]
[PlyCount "69"]
[EventDate "2021.??.??"]
[EventType "blitz"]

1. e4 e5 2. Nf3 d5 3. d4 dxe4 4. Nxe5 Bd6 5. Nc4 Nf6 6. Bg5 h6 7. Bh4 Nc6 8. c3
Bf5 9. Ne3 Bg6 10. Nd2 Be7 11. Be2 O-O 12. Qb3 Na5 13. Qc2 Re8 14. O-O-O c5 15.
Nb3 Nxb3+ 16. Qxb3 Qa5 17. d5 b5 18. d6 Bf8 19. Bxf6 gxf6 20. Qxb5 Qxa2 21. Bc4
a6 22. Qxe8 Qa1+ 23. Kc2 Qxd1+ 24. Rxd1 Rxe8 25. Nd5 Kg7 26. Nb6 Rd8 27. d7 a5
28. Ba6 e3+ 29. Bd3 exf2 30. Bxg6 fxg6 31. Rf1 Bd6 32. Rxf2 Bc7 33. Nd5 Rxd7
34. Nxf6 Rf7 35. Ne8+ {Normal} 1-0

[Event "Rated Blitz game"]
[Site "?"]
[Date "2021.01.10"]
[Round "?"]
[White "khayala_13"]
[Black "KinzyabulatovRenat"]
[Result "0-1"]
[WhiteElo "2418"]
[BlackElo "2355"]
[PlyCount "64"]
[EventDate "2021.??.??"]
[EventType "blitz"]

1. e4 e5 2. Nf3 d5 3. Nxe5 Bd6 4. d4 dxe4 5. Bc4 Bxe5 6. dxe5 Qxd1+ 7. Kxd1 Nc6
8. Bf4 Nge7 9. Nc3 Ng6 10. Bg3 h5 11. h4 Bg4+ 12. Ke1 Ngxe5 13. Bb5 O-O-O 14.
Nxe4 Rhe8 15. Kf1 a6 16. Ba4 b5 17. Bb3 Nd4 18. c3 Be2+ 19. Kg1 Ndf3+ 20. gxf3
Nxf3+ 21. Kg2 Rxe4 22. Bxf7 Ne5 23. Bxe5 Rxe5 24. Rhe1 Rd2 25. b3 Kb7 26. c4 b4
27. Bd5+ c6 28. Bf3 Bxf3+ 29. Kxf3 Rf5+ 30. Kg3 Rdxf2 31. Re7+ Kb6 32. a4 R5f3#
{Normal} 0-1

[Event "Rated Blitz game"]
[Site "?"]
[Date "2021.01.10"]
[Round "?"]
[White "Mikasinski"]
[Black "Jomajo"]
[Result "1-0"]
[WhiteElo "2424"]
[BlackElo "2532"]
[PlyCount "77"]
[EventDate "2021.??.??"]
[EventType "blitz"]

1. e4 e5 2. Nf3 d5 3. Nxe5 Bd6 4. d4 dxe4 5. Nc4 Nf6 6. Nc3 O-O 7. Be2 Nc6 8.
Nxd6 Qxd6 9. Be3 Ne7 10. Qd2 Ned5 11. Bg5 h6 12. Bxf6 Nxf6 13. O-O Re8 14. Rfe1
a6 15. Rad1 Bf5 16. Qe3 Rad8 17. a3 Qb6 18. b4 Qc6 19. h3 b5 20. Rd2 Bg6 21.
Red1 Nd5 22. Nxd5 Rxd5 23. c4 bxc4 24. Rc2 Red8 25. Rxc4 Qd6 26. Rdc1 Rxd4 27.
Rxd4 Qxd4 28. Qxd4 Rxd4 29. Rxc7 Rd2 30. Bxa6 e3 31. fxe3 Ra2 32. Rc3 Be4 33.
Bf1 h5 34. h4 f6 35. b5 Kf8 36. Rb3 Ke7 37. b6 Bb7 38. Rc3 Rb2 39. Rc7+ {Normal
} 1-0

[Event "Rated Rapid game"]
[Site "?"]
[Date "2021.01.10"]
[Round "?"]
[White "Matic33"]
[Black "vitvolrapid"]
[Result "0-1"]
[WhiteElo "2340"]
[BlackElo "2448"]
[PlyCount "64"]
[EventDate "2021.??.??"]
[EventType "rapid"]

1. e4 e5 2. Nf3 d5 3. Nxe5 dxe4 4. Bc4 Nh6 5. d3 Qd4 6. Bxh6 Qxe5 7. Be3 exd3
8. Qxd3 Nc6 9. O-O Bf5 10. Qb3 O-O-O 11. Qa4 Bd6 12. g3 Qxb2 13. Nd2 Bxc2 14.
Bb3 Bxb3 15. axb3 a6 16. Rfc1 Qe5 17. Qc4 Bb4 18. Rxa6 Bxd2 19. Ra8+ Nb8 20.
Ba7 Bxc1 21. Rxb8+ Kd7 22. Qxf7+ Qe7 23. Qf5+ Ke8 24. Rxb7 Rf8 25. Qb5+ Kf7 26.
Qc4+ Kg6 27. Qg4+ Qg5 28. Qe6+ Rf6 29. Qe4+ Qf5 30. Qh4 Rd1+ 31. Kg2 Qf3+ 32.
Kh3 Qh5 {Normal} 0-1

[Event "Rated Blitz tournament S5V0YLTM"]
[Site "?"]
[Date "2021.01.10"]
[Round "?"]
[White "ChessTigran"]
[Black "Maltinho"]
[Result "0-1"]
[WhiteElo "2340"]
[BlackElo "2521"]
[PlyCount "70"]
[EventDate "2021.??.??"]
[EventType "blitz"]

1. e4 e5 2. Nf3 d5 3. Nxe5 Bd6 4. d4 dxe4 5. Nc4 Nf6 6. Be2 Nc6 7. Bg5 Nxd4 8.
Nc3 Bb4 9. O-O Bxc3 10. bxc3 Nxe2+ 11. Qxe2 O-O 12. Ne3 Qd6 13. Rad1 Qe5 14.
Bxf6 Qxf6 15. Nd5 Qe5 16. f4 Qd6 17. Qxe4 Qc5+ 18. Kh1 Be6 19. f5 Bxd5 20. Rxd5
Qxc3 21. f6 g6 22. Qf4 Rfe8 23. Rd3 Qe5 24. Qh4 Re6 25. h3 h5 26. Qf2 b6 27.
Rf3 Rd8 28. c4 Rdd6 29. g4 hxg4 30. hxg4 Qg5 31. Rh3 Rxf6 32. Qh2 Rxf1+ 33. Kg2
Rd2+ 34. Kxf1 Rxh2 35. Rxh2 Qxg4 {Normal} 0-1

[Event "Rated Blitz game"]
[Site "?"]
[Date "2021.01.10"]
[Round "?"]
[White "Chess289"]
[Black "Soldado_de_Dios"]
[Result "1-0"]
[WhiteElo "2435"]
[BlackElo "2373"]
[PlyCount "97"]
[EventDate "2021.??.??"]
[EventType "blitz"]

1. e4 e5 2. Nf3 d5 3. Nc3 dxe4 4. Nxe5 Bd6 5. Nc4 Nf6 6. d3 O-O 7. dxe4 Re8 8.
Be2 Nxe4 9. Nxe4 Rxe4 10. Nxd6 cxd6 11. O-O Nc6 12. Bf3 Re8 13. Bf4 Ne5 14. Re1
Nxf3+ 15. Qxf3 Be6 16. Rad1 d5 17. Be5 Qg5 18. h3 Rac8 19. c3 Rc4 20. Bd4 Rcc8
21. Re5 Qg6 22. Rde1 h6 23. Bxa7 Qc2 24. Qg3 Qxb2 25. Bd4 g6 26. Rxe6 Rxe6 27.
Rxe6 Qc1+ 28. Kh2 fxe6 29. Qxg6+ Kf8 30. Qf6+ Ke8 31. Qxe6+ Kd8 32. Bb6+ Rc7
33. Qd6+ Ke8 34. Bxc7 Qe1 35. Qe5+ Qxe5+ 36. Bxe5 Kd7 37. Bd4 Ke6 38. Kg3 Kf5
39. Kf3 h5 40. g4+ hxg4+ 41. hxg4+ Kg5 42. Kg3 b5 43. f4+ Kg6 44. f5+ Kg5 45.
Be3+ Kf6 46. Kf4 d4 47. Bxd4+ Kf7 48. g5 Kg8 49. g6 {Normal} 1-0

[Event "Rated Blitz tournament x00Uitl9"]
[Site "?"]
[Date "2021.01.10"]
[Round "?"]
[White "Neuerungim34zug"]
[Black "Jlgg50972"]
[Result "0-1"]
[WhiteElo "2338"]
[BlackElo "2444"]
[PlyCount "54"]
[EventDate "2021.??.??"]
[EventType "blitz"]

1. e4 e5 2. Nf3 d5 3. Nxe5 Bd6 4. d4 dxe4 5. Bc4 Bxe5 6. dxe5 Qxd1+ 7. Kxd1 Nc6
8. Bf4 Nge7 9. Nc3 Bf5 10. Bg3 Ng6 11. Bb5 O-O-O+ 12. Kc1 Ncxe5 13. a4 h5 14.
a5 a6 15. Be2 h4 16. Bxe5 Nxe5 17. b4 c6 18. Na4 Kc7 19. Kb2 Rd2 20. Rhe1 e3
21. fxe3 Rxc2+ 22. Kb3 Rd8 23. Rac1 Rxc1 24. Rxc1 Rd2 25. Bf3 Be6+ 26. Kc3 Rd3+
27. Kc2 Bb3+ {Normal} 0-1

[Event "Rated Blitz tournament S5V0YLTM"]
[Site "?"]
[Date "2021.01.10"]
[Round "?"]
[White "Maltinho"]
[Black "Jlgg50972"]
[Result "1/2-1/2"]
[WhiteElo "2523"]
[BlackElo "2422"]
[PlyCount "57"]
[EventDate "2021.??.??"]
[EventType "blitz"]

1. e4 e5 2. Nf3 d5 3. exd5 e4 4. Qe2 Be7 5. Qxe4 Nf6 6. Qa4+ c6 7. d4 O-O 8.
Bd3 cxd5 9. O-O Nc6 10. c3 h6 11. Bf4 Nh5 12. Be3 Bd6 13. Nbd2 Re8 14. Rfe1 Bd7
15. Qb3 Nf6 16. Nf1 Na5 17. Qc2 Nc4 18. Ng3 Nxe3 19. Rxe3 Rxe3 20. fxe3 Bxg3
21. hxg3 Ng4 22. Qe2 Qc7 23. Nh2 Nf6 24. Qf3 Re8 25. Rf1 Qd6 26. Rf2 Qb6 27.
Nf1 Bb5 28. Bxb5 Qxb5 29. Qf5 {Normal} 1/2-1/2

[Event "Rated Blitz game"]
[Site "?"]
[Date "2021.01.10"]
[Round "?"]
[White "Verdik"]
[Black "zZzAzZz"]
[Result "0-1"]
[WhiteElo "2445"]
[BlackElo "2386"]
[PlyCount "112"]
[EventDate "2021.??.??"]
[EventType "blitz"]

1. e4 e5 2. Nf3 d5 3. exd5 e4 4. Ne5 Qxd5 5. d4 exd3 6. Nxd3 Bf5 7. Be2 Nc6 8.
O-O O-O-O 9. Nc3 Qe6 10. Be3 Bd6 11. Re1 Nf6 12. Bf3 Ne5 13. Nxe5 Qxe5 14. g3
Rhe8 15. Bd4 Qa5 16. Rxe8 Nxe8 17. Qe1 Bxc2 18. Rc1 Bf5 19. a3 Be6 20. Qe3 Kb8
21. b4 Qxa3 22. Nb5 Qxe3 23. Bxe3 a6 24. Nxd6 Nxd6 25. Bf4 Rd7 26. h4 Nb5 27.
Be5 f6 28. Bf4 Nd4 29. Bd1 Bd5 30. Kf1 b5 31. Bg4 f5 32. Bd1 Bc4+ 33. Kg2 Ne2
34. Rxc4 Nxf4+ 35. Rxf4 Rxd1 36. Rxf5 Rd4 37. Rf7 Rxb4 38. Rxg7 a5 39. Rxh7 a4
40. Re7 a3 41. Re1 Ra4 42. h5 Kb7 43. h6 b4 44. g4 b3 45. h7 Ra8 46. g5 a2 47.
g6 b2 48. g7 b1=Q 49. Rxb1+ axb1=Q 50. g8=Q Qe4+ 51. Kh2 Qh4+ 52. Kg2 Qe4+ 53.
Kh2 Qe5+ 54. Kg2 Re8 55. Qb3+ Kc8 56. Qg8 c5 {Time forfeit} 0-1

[Event "Rated Blitz tournament ZfLsnU4s"]
[Site "?"]
[Date "2021.01.10"]
[Round "?"]
[White "josuexp"]
[Black "jflup"]
[Result "0-1"]
[WhiteElo "2512"]
[BlackElo "2442"]
[PlyCount "60"]
[EventDate "2021.??.??"]
[EventType "blitz"]

1. e4 e5 2. Nf3 d5 3. Nxe5 Bd6 4. d4 dxe4 5. Nc4 Be7 6. Nc3 Nf6 7. Bg5 Nc6 8.
d5 Nxd5 9. Qxd5 Bxg5 10. Qxd8+ Bxd8 11. Nxe4 O-O 12. O-O-O Bf5 13. Ng3 Bg6 14.
Bd3 Bxd3 15. Rxd3 Bg5+ 16. Kb1 Rad8 17. Rhd1 g6 18. Ne4 Be7 19. c3 f5 20. Ng3
Kf7 21. Kc2 Rxd3 22. Rxd3 Rd8 23. Ne2 b5 24. Ne3 Rxd3 25. Kxd3 Ne5+ 26. Kd4 Ke6
27. b4 a5 28. Nf4+ Kd6 29. Nfd5 axb4 30. Nxe7 c5# {Normal} 0-1

[Event "Caplin Hastings Online"]
[Site "Tornelo INT"]
[Date "2021.01.09"]
[Round "5.6"]
[White "Jones, G.."]
[Black "Hebden, M.."]
[Result "1-0"]
[WhiteElo "2670"]
[BlackElo "2453"]
[PlyCount "75"]
[EventDate "2021.01.09"]
[EventType "tourn"]

1. e4 e5 2. Nf3 d5 3. exd5 e4 4. Qe2 Nf6 5. Nc3 Be7 6. Nxe4 Nxd5 7. Nc3 Nb4 8.
Qd1 Bf5 9. Bb5+ c6 10. Ba4 O-O 11. O-O Bd6 12. d3 Bc7 13. Bg5 Qd6 14. Ne4 Qd7
15. Re1 N8a6 16. Bb3 Rae8 17. Bh4 Be6 18. Qd2 Bxb3 19. axb3 Nd5 20. Bg3 f5 21.
Bxc7 fxe4 22. dxe4 Naxc7 23. exd5 Nxd5 24. c4 Nf6 25. Qxd7 Nxd7 26. Rxa7 Nc5
27. Rxe8 Rxe8 28. b4 Nd3 29. Rxb7 Nxb2 30. Rc7 Nd3 31. Rxc6 Nxb4 32. Rc7 h6 33.
h4 Nd3 34. Rd7 Ne1 35. Nd4 Re5 36. f4 Re4 37. c5 Nd3 38. c6 1-0

[Event "Rated Blitz tournament ZdsEH4YF"]
[Site "?"]
[Date "2021.01.09"]
[Round "?"]
[White "Macrofago"]
[Black "TheOrtega"]
[Result "1-0"]
[WhiteElo "2619"]
[BlackElo "2500"]
[PlyCount "53"]
[EventDate "2021.??.??"]
[EventType "blitz"]

1. e4 e5 2. Nf3 d5 3. d4 dxe4 4. Nxe5 Bd6 5. Nc4 Nf6 6. Nxd6+ Qxd6 7. Be2 O-O
8. O-O Nc6 9. c3 Bf5 10. Nd2 Rfe8 11. Nc4 Qd7 12. Bf4 Nd5 13. Bg3 Bg6 14. Ne3
f5 15. Nxd5 Qxd5 16. Qb3 Qxb3 17. axb3 Re7 18. b4 Bf7 19. b5 Nd8 20. Be5 Ne6
21. Ra4 Nf8 22. Rfa1 Ng6 23. Rxa7 Rxa7 24. Rxa7 Nxe5 25. dxe5 Rxe5 26. Rxb7 Rc5
27. Rb8+ {Normal} 1-0

[Event "Rated Blitz game"]
[Site "?"]
[Date "2021.01.09"]
[Round "?"]
[White "battle_tour"]
[Black "Fantastic_power06"]
[Result "1/2-1/2"]
[WhiteElo "2484"]
[BlackElo "2629"]
[PlyCount "152"]
[EventDate "2021.??.??"]
[EventType "blitz"]

1. e4 e5 2. Nf3 d5 3. d4 dxe4 4. Nxe5 Bd6 5. Nc3 Bxe5 6. dxe5 Qxd1+ 7. Kxd1 Nc6
8. Bf4 Nge7 9. Bb5 Bg4+ 10. Ke1 O-O-O 11. Nxe4 Nb4 12. Ba4 Rd4 13. f3 Bf5 14.
Be3 Bxe4 15. Bxd4 Bxc2 16. Bc5 Nd3+ 17. Kd2 Nxc5 18. Bxc2 Rd8+ 19. Ke2 Nc6 20.
Be4 Nd4+ 21. Ke3 Nde6 22. Rad1 Re8 23. f4 g6 24. g3 f5 25. Bc2 Nd8 26. b4 Nce6
27. Bb3 Re7 28. Rd2 c6 29. Rhd1 Kc7 30. Rd6 g5 31. a4 h5 32. Bc2 gxf4+ 33. gxf4
Nf7 34. Bxf5 Nf8 35. Kf3 Kb6 36. Rf6 a5 37. bxa5+ Kxa5 38. Rd4 c5 39. Re4 b5
40. axb5 Kxb5 41. e6 Nd6 42. Rxf8 Nxe4 43. Kxe4 c4 44. Rf7 Re8 45. Ke5 c3 46.
e7 Kb4 47. Kd6 Ra8 48. Rf8 Ra6+ 49. Ke5 Ra5+ 50. Kf6 Ra6+ 51. Be6 Ra7 52. Rc8
Rxe7 53. Rb8+ Rb7 54. Rxb7+ Ka3 55. Rc7 Kb2 56. Rxc3 h4 57. Kg5 h3 58. f5 Kxc3
59. f6 Kd4 60. f7 Ke5 61. f8=Q Kxe6 62. Qf5+ Kd6 63. Qxh3 Kc6 64. Qe6+ Kc5 65.
h4 Kd4 66. h5 Kc3 67. h6 Kd2 68. h7 Kc3 69. h8=Q+ Kd2 70. Qhf6 Kc2 71. Qfe7 Kd1
72. Q6d6+ Kc1 73. Qed7 Kb1 74. Q6c6 Ka1 75. Qdc7 Kb1 76. Q6b6+ Ka1 {Time
forfeit} 1/2-1/2

[Event "Rated Blitz game"]
[Site "?"]
[Date "2021.01.09"]
[Round "?"]
[White "Laykalou"]
[Black "Mettigel"]
[Result "0-1"]
[WhiteElo "2282"]
[BlackElo "2438"]
[PlyCount "56"]
[EventDate "2021.??.??"]
[EventType "blitz"]

1. e4 e5 2. Nf3 d5 3. exd5 Bd6 4. Nc3 Nf6 5. Bc4 O-O 6. d3 Nbd7 7. h3 Nb6 8.
Bb3 Re8 9. O-O h6 10. Be3 Bf5 11. Bxb6 axb6 12. Re1 Qd7 13. Ne4 Nxe4 14. dxe4
Bh7 15. Qd2 f5 16. exf5 Qxf5 17. c4 Rf8 18. Rac1 Rae8 19. Bc2 e4 20. Nd4 Qe5
21. g3 Bc5 22. Rcd1 Qh5 23. Kg2 Bf5 24. Nxf5 Qxf5 25. Rf1 Qf3+ 26. Kg1 Qxg3+
27. Kh1 Qxh3+ 28. Kg1 Rf5 {Normal} 0-1

[Event "Rated Blitz tournament ZdsEH4YF"]
[Site "?"]
[Date "2021.01.09"]
[Round "?"]
[White "ElAdversario"]
[Black "cuerosky"]
[Result "0-1"]
[WhiteElo "2463"]
[BlackElo "2246"]
[PlyCount "142"]
[EventDate "2021.??.??"]
[EventType "blitz"]

1. e4 e5 2. Nf3 d5 3. d4 dxe4 4. Nxe5 Bd6 5. Nc3 Bxe5 6. dxe5 Qxd1+ 7. Kxd1 Nc6
8. Bb5 Bd7 9. Bf4 O-O-O 10. Kc1 Nge7 11. Nxe4 Ng6 12. Bg3 Ncxe5 13. Bxd7+ Rxd7
14. Re1 Rhd8 15. b3 b6 16. Kb2 f6 17. f4 Nc6 18. Re2 h5 19. f5 Nge5 20. Rae1
Nd4 21. Rf2 a5 22. Bxe5 fxe5 23. f6 gxf6 24. Nxf6 Rf7 25. Ne4 Rxf2 26. Nxf2 Rf8
27. Nd3 Rg8 28. g3 Nf3 29. Re2 e4 30. Nf2 Nxh2 31. Nxe4 Nf1 32. Nf6 Rg6 33.
Nxh5 Rg5 34. Rf2 Nxg3 35. Nxg3 Rxg3 36. a4 Kb7 37. Rd2 Rg6 38. Kc1 Kc6 39. Kb2
Rg5 40. Kc3 Kc5 41. Rd3 Rg2 42. Re3 Rg5 43. Rd3 c6 44. Kb2 b5 45. axb5 cxb5 46.
Rc3+ Kb6 47. Rh3 Rg6 48. Rh5 Rd6 49. c4 bxc4 50. bxc4 Rd3 51. Rb5+ Ka6 52. Kc2
Rh3 53. Rd5 a4 54. Rb5 a3 55. Kb1 Rc3 56. Ka2 Rxc4 57. Rb3 Rc2+ 58. Kxa3 Ka7
59. Rb2 Rc3+ 60. Rb3 Rc7 61. Kb2 Rd7 62. Ra3+ Kb7 63. Rb3+ Kc8 64. Kc2 Rh7 65.
Rc3+ Kd8 66. Rd3+ Ke8 67. Kd2 Kf8 68. Kc3 Rh4 69. Kd2 Kf7 70. Re3 Kf6 71. Ke2
Rh2+ {Time forfeit} 0-1

[Event "Rated Blitz game"]
[Site "?"]
[Date "2021.01.09"]
[Round "?"]
[White "battle_tour"]
[Black "KinzyabulatovRenat"]
[Result "1-0"]
[WhiteElo "2509"]
[BlackElo "2382"]
[PlyCount "75"]
[EventDate "2021.??.??"]
[EventType "blitz"]

1. e4 e5 2. Nf3 d5 3. exd5 e4 4. Qe2 Nf6 5. d3 Qxd5 6. Nc3 Bb4 7. Bd2 Bxc3 8.
Bxc3 O-O 9. dxe4 Nxe4 10. Qd3 Nxc3 11. bxc3 Re8+ 12. Be2 Qa5 13. O-O Nc6 14.
Rfe1 Bf5 15. Qb5 Bxc2 16. Qxb7 Qb6 17. Qxb6 axb6 18. Bb5 Rxe1+ 19. Rxe1 Na7 20.
Nd4 Nxb5 21. Nxb5 c6 22. Nd4 Ba4 23. f3 c5 24. Nf5 g6 25. Ne7+ Kf8 26. Nd5 Ra6
27. Rb1 b5 28. a3 Rd6 29. Nc7 Rb6 30. c4 b4 31. Nd5 Rc6 32. axb4 cxb4 33. Rxb4
Bc2 34. Kf2 Bd3 35. Ne3 Kg7 36. Ke1 h5 37. Kd2 Bb1 38. Rxb1 {Normal} 1-0

[Event "Rated Blitz game"]
[Site "?"]
[Date "2021.01.09"]
[Round "?"]
[White "Nicah"]
[Black "pasha1984"]
[Result "1-0"]
[WhiteElo "2494"]
[BlackElo "2374"]
[PlyCount "125"]
[EventDate "2021.??.??"]
[EventType "blitz"]

1. e4 e5 2. Nf3 d5 3. exd5 e4 4. Qe2 Nf6 5. Nc3 Be7 6. Nxe4 Nxd5 7. Qd1 O-O 8.
d4 Re8 9. Be2 Bf8 10. Ng3 c5 11. O-O Nc6 12. c4 Nf6 13. d5 Ne7 14. Bg5 Ng6 15.
Nh5 Be7 16. Nxf6+ Bxf6 17. Bxf6 Qxf6 18. Qd2 Nf4 19. Rfe1 Bg4 20. Bf1 Bxf3 21.
gxf3 Ng6 22. Re3 Ne5 23. Be2 Qg5+ 24. Kh1 Qh4 25. Qe1 Nxc4 26. Bxc4 Rxe3 27.
fxe3 Qxc4 28. Rd1 f5 29. b3 Qc2 30. Qd2 Qxd2 31. Rxd2 Kf7 32. Rc2 b6 33. b4 Rd8
34. bxc5 Rxd5 35. c6 Rd8 36. Kg2 Ke6 37. h4 Kd6 38. Kg3 Rc8 39. Kf4 g6 40. Kg5
Rc7 41. Kh6 a6 42. a4 b5 43. axb5 axb5 44. e4 fxe4 45. fxe4 Ke5 46. Rc5+ Kxe4
47. Rxb5 Rxc6 48. Kxh7 Kf4 49. Rg5 Rc7+ 50. Kxg6 Rc6+ 51. Kh7 Rc7+ 52. Kh6 Rc6+
53. Rg6 Rc7 54. h5 Kf5 55. Rg7 Rc8 56. Kh7 Kf6 57. h6 Rc4 58. Rg1 Rc7+ 59. Kh8
Rc8+ 60. Rg8 Rc7 61. h7 Kf7 62. Rg7+ Kf8 63. Rxc7 {Time forfeit} 1-0